Statistics for Ballon d'or Top10 (1995-2002)

Click here to take the quiz!

General Stats

  • This quiz has been taken 183 times
  • The average score is 24 of 43

Answer Stats

AnswerHint% Correct
RonaldoBR
98%
Zinédine ZidaneFR
97%
RivaldoBR
90%
Michael OwenGB
88%
Luis FigoPT
87%
Roberto CarlosBR
83%
Thierry HenryFR
83%
Paolo MaldiniIT
82%
RaulES
81%
David BeckhamGB
79%
Oliver KahnDE
79%
George WeahLR
78%
Alessandro Del PieroIT
67%
Alessandro NestaIT
60%
Matthias SammerDE
60%
Michael LaudrupDK
60%
Peter SchmeichelDK
60%
Alan ShearerGB
58%
Andreï ShevchenkoUA
58%
Dennis BergkampNL
58%
Davor SukerHR
56%
Gabriel BatistutaAR
55%
Francesco TottiIT
53%
Lothar MatthäusDE
53%
Jari LitmanenFI
52%
Jürgen KlinsmannDE
51%
Marcel DesaillyFR
47%
Michael BallackDE
47%
Lilian ThuramFR
45%
Patrick KluivertNL
45%
Christian VieriIT
44%
Roy KeaneIE
39%
Andreas MöllerDE
38%
Eric CantonaFR
38%
Edgar DavidsNL
37%
Marc OvermarsNL
34%
Juan Sebastián VerónAR
33%
Predrag MijatovićYU
32%
Youri DjorkaeffFR
22%
Gazika MendietaES
19%
Gianfranco ZolaIT
16%
Jürgen KohlerDE
11%
Yildiray BastürkTR
6%

Score Distribution

Percentile by Number Answered

Percent of People with Each Score

Your Score History

You have not taken this quiz